000 00602nam a2200265Ia 4500
005 20260306164033.0
008 008 260114s9999 xx 000 0 eng d
020 _a9780226525297
037 _aEBOOK
040 _aCRL
040 _beng
040 _cCRL
041 _2eng
041 _aeng
084 _qCRL
100 _aMilhaupt, Pistor
_91129874
245 0 _aLaw And Capitalism
260 _bUniversity of Chicago Press
260 _c2013
650 _aLaw
856 _uhttps://academic.oup.com/book/28680
942 _cEBOOK
999 _c1712495
_d1712495